000 01506nam a2200241Ia 4500
003 Ost
005 20260507075230.0
008 260507s9999||||xx |||||||||||||| ||und||
020 _a4121422977
040 _cfsecg
041 _aara
082 _a330
100 _aماهر، أحمد
_eمؤلف
245 0 _aدليل المديرين الى التخطيط الاستراتيجي /
_c أحمد ماهر
260 _aالاسكندرية:
_bالدار الجامعية,
_c2009
300 _a479 صفحة؛
_bإيضاحات ؛
_c24 سم
504 _aمراجع ص.479 ؛ تطبيقات ص.478
520 _aمعنى التخطيط الاستراتيجي و الاعاداد له ، الرسالة و الرؤية ، الاهداف العامة و مؤشرات الانجاز ، دراسة البيئة الخارجية و الداخلية ، تحديد الموقف الاستراتيجي ، البدائل الاستراتيجية ،اختيار الاستراتيجية المناسبة ، الانتقال من التخطيط الاستراتيجي الكلي الى الانواع الاخرى للتخطيط ، التخطيط الاستراتيجي الوظيفي و التنفيذي ، التخطيط الاستراتيجي التنفيذي على مستوى الأقسام ، تحديد حجم العمل و الموارد، إعداد الميزانيات التقديرية.
653 _aالإدارة
653 _aالتخطيط
653 _aالمديرين
942 _cكتاب
999 _c43557
_d43557